La chevalerie /

محفوظ في:

المؤلف الرئيسي: Du Puy de Clinchamps, Philippe, (مؤلف)

التنسيق: كتاب

اللغة: French

منشور في: Paris : Preses universitaires de France, 1961.

الطبعة: [1. éd.]

سلاسل: Que sais-je? ; 972.

الموضوعات:

الوسوم: إضافة وسم

لا توجد وسوم, كن أول من يضع وسما على هذه التسجيلة!

رقم الطلب: CR4509 .D8 1961

LEADER 00664nam a2200217Ia 4500
003 OSt
005 20251113113122.0
008 211223s1961 fr b 000 0 fre d
040 |c ARCE Library 
050 4 |a CR4509 .D8 1961 
100 1 |a Du Puy de Clinchamps, Philippe,   |e author  |d   
245 1 0 |a La chevalerie /   |c par Philippe du Puy de Clinchamps. 
250 |a [1. éd.] 
264 1 |a Paris :   |b Preses universitaires de France,   |c 1961. 
300 |a 126 pages ;   |c 18 cm. 
490 0 |a Que sais-je? ;   |v 972. 
504 |a Includes bibliographical references (p. [125]-126) 
650 |a Chivalry   |x History. 
901 |a reviewed 
942 |2 lcc  |c BK 
999 |c 41209  |d 41209